000
00298nam a2200121Ia 4500
005
20251222144747.0
008
251222s9999||||xx |||||||||||||| ||spa||
082
_a
759.44/D39
100
_a
Debré, Olivier
245
0
_a
Olivier Debré:
264
_b
Musée des Beaux-Arts d'Orléans
942
_c
LIB
999
_c
19192
_d
19192